Cours de mécanique rationnelle.
Guardado en:
| Autor Principal: | |
|---|---|
| Formato: | Libro |
| Idioma: | French |
| Publicado: |
Paris :
Gauthier-Villars,
1944-50.
|
| Series: | Cours de la Faculté des sciences de Toulouse
|
| Materias: | |
| Etiquetas: |
Agregar Etiqueta
Sin Etiquetas, Sea el primero en etiquetar este registro!
|
| LEADER | 00744cam a22002291a 4500 | ||
|---|---|---|---|
| 001 | MAT.inmabb006042 | ||
| 008 | 820211m19441950fr#a#####b####000#0#fre#c | ||
| 005 | 20091215120934.0 | ||
| 245 | 0 | 0 | |a Cours de mécanique rationnelle. |
| 260 | |a Paris : |b Gauthier-Villars, |c 1944-50. | ||
| 300 | |a 4 v. : |b diagrs. ; |c 25 cm. | ||
| 490 | 0 | |a Cours de la Faculté des sciences de Toulouse | |
| 504 | |a Bibliographical footnotes. | ||
| 510 | 4 | |a MR, |c 11,469b | |
| 100 | 1 | |a Roy, Louis, |d 1882- | |
| 650 | 0 | |a Mechanics, Analytic. | |
| 084 | |a *CODIGO* |2 MR | ||
| 010 | |a af 47000093 | ||
| 040 | |a Engineering Societies. Libr. |c PPiC |d DLC | ||
| 859 | |p A-6542 |3 Vol. 1 |b BIB. MATEMATICA | ||
| 859 | |p A-6543 |3 Vol. 2 |b BIB. MATEMATICA | ||
| 859 | |p A-6544 |3 Vol.3 |b BIB. MATEMATICA | ||
